IDB plan to sell the public sector the cure or the ill? /

Shranjeno v:
Bibliografske podrobnosti
Glavni avtor: Edwards, Beatrice
Format: Texto
Teme:
Oznake: Označite
Brez oznak, prvi označite!

MARC

LEADER 00000 a a2200000 04500
001 9975
003
040
100 |a Edwards, Beatrice  
245 |a IDB plan to sell the public sector the cure or the ill? /  |c Beatrice Edwards 
650 |a BID  
650 |a PRIVATIZACION  
650 |a SECTOR PUBLICO  
650 |a CORRUPCION  
650 |a ASPECTOS POLITICOS  
773 |g volumen 36, número 3; páginas 13-19  
999 |c 32456  |d 32456